000
00329pab a2200145 454500
008
180718b1983 xxu||||| |||| 00| 0 eng d
100
_a
Stone, Daniel Butler
245
_a
The critical mass
260
_c
1983
300
_a
39-43
362
_a
Summer
650
_a
Civil Service - U.S.A.
773
_a
Bureaucrat
909
_a
5865
999
_c
5865
_d
5865